Sociology : (Record no. 3880)

MARC details
000 -LEADER
fixed length control field 00494cam a2200205ua 4500
008 - FIXED-LENGTH DATA ELEMENTS--GENERAL INFORMATION
fixed length control field 150804n ii |||gr||||Z||||||eng
020 ## - INTERNATIONAL STANDARD BOOK NUMBER
International Standard Book Number 81-7339-396-6
040 ## - CATALOGING SOURCE
Transcribing agency MAIN
041 ## - LANGUAGE CODE
-- eng
082 ## - DEWEY DECIMAL CLASSIFICATION NUMBER
Classification number 301
100 ## - MAIN ENTRY--PERSONAL NAME
Personal name Saikia, Jyoti Prasad,
245 ## - TITLE STATEMENT
Title Sociology :
Remainder of title theme & issues /
Statement of responsibility, etc. by Jyoti Prasad Saikia
250 ## - EDITION STATEMENT
Edition statement 1st.
260 ## - PUBLICATION, DISTRIBUTION, ETC.
Place of publication, distribution, etc. Dibrugarh:
Name of publisher, distributor, etc. Banalata,
Date of publication, distribution, etc. 2011.
300 ## - PHYSICAL DESCRIPTION
Extent 240p:
Dimensions 25cm.
942 ## - ADDED ENTRY ELEMENTS (KOHA)
Koha item type Books
653 ## - INDEX TERM--UNCONTROLLED
Uncontrolled term Sociology
653 ## - INDEX TERM--UNCONTROLLED
Uncontrolled term theme & issues
Holdings
Withdrawn status Lost status Damaged status Not for loan Home library Current library Date acquired Total Checkouts Full call number Barcode Date last seen Date last checked out Copy number Price effective from Koha item type Shelving location Date due
        Naharkatiya College Library Naharkatiya College Library 19/09/2020 1 301 | SAI 20369 26/08/2025 28/02/2025 1 19/09/2020 Books    
        Naharkatiya College Library Naharkatiya College Library 19/09/2020   301 | SAI 20370 19/09/2020   2 19/09/2020 Books    
        Naharkatiya College Library Naharkatiya College Library 19/09/2020 3 301 | SAI 20371 26/04/2021 19/04/2021 3 19/09/2020 Books    
        Naharkatiya College Library Naharkatiya College Library 19/09/2020   301 | SAI 20372 19/09/2020   5 19/09/2020 Books    
        Naharkatiya College Library Naharkatiya College Library 19/09/2020 1 301 | SAI 20373 17/11/2025 07/11/2025 4 19/09/2020 Books General Stacks  
        Naharkatiya College Library Naharkatiya College Library 19/09/2020 1 301 | SAI 22372 10/05/2023 14/10/2022 7 19/09/2020 Books    
        Naharkatiya College Library Naharkatiya College Library 19/09/2020 1 301 | SAI 22373 28/10/2022 28/10/2022 6 19/09/2020 Books   12/11/2022

Naharkatiya College © 2020. All rights reserved.

Powered By